[Event "AUTO-INT-619"]
[Site "http://www.queenalice.com/game.php?id=272863"]
[Date "2007.9.17"]
[Round "1"]
[White "tijolo_"]
[Black "Milton"]
[Result "0-1"]
[WhiteElo "1436"]
[BlackElo "1504"]

1. g3 d5 2. Bg2 Nf6 3. Nf3 c6 4. O-O Bg4 5. c3 Qb6 6. e3 Nbd7 7. Na3 Ne5 8. d4
Nxf3+ 9. Bxf3 Bh3 10. Bg2 Bxg2 11. Kxg2 e6 12. Qe2 Bd6 13. f4 O-O 14. Kg1 Rfe8
15. c4 c5 16. Nb5 dxc4 17. Nxd6 Qxd6 18. Qc2 cxd4 19. exd4 Qxd4+ 20. Kh1 Rac8
21. Rd1 Qc5 22. h3 Qh5 23. Be3 Qxh3+ 24. Qh2 Qg4 25. Kg2 e5 26. Rf1 Qe2+ 27. Rf2
Qxe3 28. fxe5 Rxe5 29. Rg1 Ng4 30. Qh4 Nxf2 31. Rf1 c3 32. Rxf2 c2 33. Qh5 Rxh5
34. Rxc2 Rxc2+ 0-1

[Event "AUTO-INT-619"]
[Site "http://www.queenalice.com/game.php?id=272864"]
[Date "2007.9.17"]
[Round "1"]
[White "Milton"]
[Black "tijolo_"]
[Result "0-1"]
[WhiteElo "1517"]
[BlackElo "1417"]

1. e4 g6 2. d4 Bg7 3. Nf3 Nf6 4. Nc3 O-O 5. Bc4 e6 6. e5 Ng4 7. Ng5 h6 8. Nxf7
Rxf7 9. Qxg4 g5 10. O-O Qe8 11. Ne4 Kf8 12. b3 d5 13. Ba3+ Kg8 14. Rae1 Nc6 15.
Bb5 a6 16. Bxc6 bxc6 17. Nc5 Rf4 18. Qd1 Qg6 19. g3 Rf5 20. Qd2 Rb8 21. Qa5 Rf7
22. c3 Rb5 23. Qa4 h5 24. Nxa6 h4 25. g4 Rf4 26. f3 h3 27. c4 Qc2 28. Rf2 Qc3
29. b4 Qxe1+ 30. Rf1 Qe3+ 31. Kh1 Rxf3 32. Qd1 dxc4 33. Rxf3 Qe4 34. Nxc7 Qxg4
35. Rf1 Qg2# 0-1

[Event "AUTO-INT-619"]
[Site "http://www.queenalice.com/game.php?id=272865"]
[Date "2007.9.17"]
[Round "1"]
[White "tijolo_"]
[Black "silverado"]
[Result "0-1"]
[WhiteElo "1369"]
[BlackElo "1556"]

1. g3 e5 2. Bg2 Qf6 3. Nf3 e4 4. Nh4 Bc5 5. e3 d5 6. O-O Nh6 7. c3 g5 8. Qa4+ c6
9. d4 gxh4 10. gxh4 b5 11. Qa5 Bb6 12. Qb4 a5 13. Qb3 Bc7 14. a4 Qd6 15. f4 Rg8
16. axb5 Bh3 17. Rf2 Qg6 18. b6 Bxb6 19. Qxb6 Bxg2 20. Qb7 Bf3+ 21. Kf1 Qg1# 0-1

[Event "AUTO-INT-649"]
[Site "http://www.queenalice.com/game.php?id=286322"]
[Date "2007.10.14"]
[Round "1"]
[White "juim"]
[Black "tijolo_"]
[Result "1-0"]
[WhiteElo "1654"]
[BlackElo "1325"]

1. d4 g6 2. Nf3 Bg7 3. e3 Nf6 4. Bc4 b6 5. O-O Bb7 6. Ne5 O-O 7. c3 d5 8. Bb3 e6
9. Na3 Nbd7 10. Nxd7 Qxd7 11. f3 Qe7 12. Qd3 c5 13. dxc5 e5 14. Qb5 Rac8 15.
cxb6 axb6 16. Qxb6 Rc6 17. Qb4 Re8 18. Qxe7 Rxe7 19. Ba4 Ra6 20. Bb5 e4 21. Bxa6
Bxa6 22. Re1 Re5 23. fxe4 Rxe4 24. c4 dxc4 25. Rb1 h6 26. Bd2 Nd7 27. Rbc1 Ne5
28. Bc3 h5 29. Bxe5 Bxe5 30. Rcd1 Bxb2 31. Nc2 c3 32. Kf2 h4 33. Rd7 Kg7 34. Kf3
Re6 35. Rd4 f5 36. Rxh4 Bb7+ 37. Ke2 1-0

[Event "AUTO-INT-649"]
[Site "http://www.queenalice.com/game.php?id=286323"]
[Date "2007.10.14"]
[Round "1"]
[White "tijolo_"]
[Black "juim"]
[Result "0-1"]
[WhiteElo "1411"]
[BlackElo "1685"]

1. g3 d5 2. Bg2 Nf6 3. Nf3 e6 4. b3 Bc5 5. d4 Bb4+ 6. c3 Bd6 7. Nbd2 O-O 8. O-O
Ng4 9. h3 Nf6 10. b4 Bd7 11. a4 Ne4 12. a5 Ng5 13. Nxg5 Qxg5 14. Nf3 Qe7 15. Qd3
a6 16. Ng5 g6 17. h4 Bb5 18. Qc2 Nd7 19. Re1 Nf6 20. Kh2 Ng4+ 21. Kg1 Qf6 22.
Rf1 Rfe8 23. Re1 Qxf2+ 24. Kh1 Qxe1+ 25. Bf1 Qxf1# 0-1

[Event "AUTO-INT-649"]
[Site "http://www.queenalice.com/game.php?id=286336"]
[Date "2007.10.14"]
[Round "1"]
[White "tijolo_"]
[Black "RJGF"]
[Result "0-1"]
[WhiteElo "1406"]
[BlackElo "1869"]

1. g3 e5 2. Bg2 Nf6 3. Nf3 Nc6 4. b4 Bxb4 5. a3 Bc5 6. Nc3 d6 7. e3 O-O 8. a4
Re8 9. O-O Bg4 10. d4 exd4 11. Ne2 dxe3 12. h3 exf2+ 13. Rxf2 Bxf2+ 14. Kxf2
Ne4+ 15. Ke1 Nxg3 16. hxg4 Rxe2+ 17. Qxe2 Nxe2 18. Kxe2 Qf6 19. g5 Qxa1 20. Kd2
Qxa4 21. g6 hxg6 22. Ng5 Qd4+ 23. Ke1 Re8+ 24. Kf1 Qd1+ 25. Kf2 Qxc2+ 0-1

[Event "AUTO-INT-649"]
[Site "http://www.queenalice.com/game.php?id=286337"]
[Date "2007.10.14"]
[Round "1"]
[White "RJGF"]
[Black "tijolo_"]
[Result "1-0"]
[WhiteElo "1871"]
[BlackElo "1400"]

1. d4 g6 2. e4 Bg7 3. Nf3 Nf6 4. Nc3 b5 5. Bxb5 c6 6. Bd3 O-O 7. O-O d6 8. Bg5
a5 9. Qd2 Nbd7 10. Bh6 Bxh6 11. Ng5 Ng4 12. h3 Ba6 13. hxg4 f6 14. Ne6 Re8 15.
Qxh6 Kf7 16. Nxd8+ Rexd8 17. Qxh7+ Ke6 18. f4 Nf8 19. f5+ Kd7 20. Qf7 gxf5 21.
e5 fxe5 22. Bxf5+ Ne6 23. Bxe6+ Kc7 24. Qxe7+ Kb6 25. Na4+ Kb5 26. Bb3 exd4 27.
Qe2+ Kb4 28. a3# 1-0

[Event "AUTO-INT-649"]
[Site "http://www.queenalice.com/game.php?id=286338"]
[Date "2007.10.14"]
[Round "1"]
[White "tijolo_"]
[Black "vila1"]
[Result "0-1"]
[WhiteElo "1317"]
[BlackElo "1591"]

1. g3 g6 2. Bg2 Bg7 3. Nf3 c5 4. b3 Bxa1 5. e3 Bg7 6. O-O Nf6 7. a3 Nc6 8. d4
cxd4 9. exd4 d5 10. c4 dxc4 11. bxc4 O-O 12. Nc3 e6 13. c5 b6 14. Qa4 Bb7 15.
Ne1 Nd5 16. Bd2 Nc7 17. Nf3 Nxd4 18. Nh4 Bxg2 19. Kxg2 b5 20. Qa5 Nc6 21. Bg5 f6
22. Rd1 Nxa5 0-1

[Event "AUTO-INT-649"]
[Site "http://www.queenalice.com/game.php?id=286339"]
[Date "2007.10.14"]
[Round "1"]
[White "vila1"]
[Black "tijolo_"]
[Result "1-0"]
[WhiteElo "1586"]
[BlackElo "1322"]

1. c4 g6 2. g3 Bg7 3. Bg2 Nf6 4. d4 c6 5. Nc3 e6 6. Bg5 h6 7. Bxf6 Bxf6 8. e3
Qa5 9. Ne2 d5 10. cxd5 cxd5 11. O-O h5 12. h4 g5 13. hxg5 Bxg5 14. Qa4+ Qxa4 15.
Nxa4 h4 16. Rac1 Bd7 17. Nc5 Bc6 18. f4 Bf6 19. Kf2 Rg8 20. Bh3 hxg3+ 21. Nxg3
b6 22. Nb3 1-0

[Event "AUTO-OPEN-882"]
[Site "http://www.queenalice.com/game.php?id=294951"]
[Date "2007.10.29"]
[Round "1"]
[White "tijolo_"]
[Black "muki"]
[Result "0-1"]
[WhiteElo "1456"]
[BlackElo "2142"]

1. g3 d5 2. d3 Nf6 3. b3 e5 4. c4 Bc5 5. e3 O-O 6. Bg2 Nc6 7. Nc3 d4 8. Na4 Bb4+
9. Nc3 Bxc3+ 10. Bd2 Bxa1 11. Qxa1 dxe3 12. Bxe3 Nb4 13. Qxe5 Qxd3 14. f4 Ng4
15. Qb2 Qxe3+ 16. Ne2 Nd3+ 17. Kd1 Ngf2+ 18. Kc2 Qxe2+ 19. Kc3 Qxb2# 0-1

[Event "AUTO-OPEN-882"]
[Site "http://www.queenalice.com/game.php?id=294952"]
[Date "2007.10.29"]
[Round "1"]
[White "muki"]
[Black "tijolo_"]
[Result "1-0"]
[WhiteElo "2172"]
[BlackElo "1398"]

1. d4 b6 2. c4 e6 3. e4 Nf6 4. e5 Ng4 5. Qxg4 g6 6. Nc3 f5 7. Qh3 Bb7 8. Nf3 h6
9. Bg5 Be7 10. Bxe7 Qxe7 11. Bd3 Qb4 12. O-O-O Nc6 13. d5 Na5 14. dxe6 O-O-O 15.
exd7+ Rxd7 16. e6 Rdd8 17. Qh4 g5 18. Bxf5 gxh4 19. e7+ Rd7 20. Rxd7 Kb8 21.
Rd8+ Bc8 22. Rxh8 Qxe7 23. Rxc8+ Kb7 24. Nb5 Qc5 25. Rxc7+ Ka6 26. Rxa7# 1-0

[Event "AUTO-OPEN-882"]
[Site "http://www.queenalice.com/game.php?id=294953"]
[Date "2007.10.29"]
[Round "1"]
[White "tijolo_"]
[Black "hooligan"]
[Result "0-1"]
[WhiteElo "1454"]
[BlackElo "1301"]

1. g3 e5 2. Bg2 Nc6 3. d4 Nxd4 4. e3 Nf5 5. Bd2 a5 6. Qc1 a4 7. Nc3 c6 8. Nge2
d5 9. e4 dxe4 10. Bg5 f6 11. Bd2 h5 12. a3 b5 13. Nxe4 c5 14. N2c3 g5 15. Nxb5
h4 16. b4 hxg3 17. fxg3 Nd4 18. c3 Nb3 19. Qb2 Nxa1 20. Qxa1 f5 21. c4 Rh7 22.
Bxg5 Qd7 23. Ned6+ Bxd6 24. Qd1 Be7 25. h4 Rb8 26. bxc5 Bxc5 27. h5 Ba6 28. Qd5
Bxb5 29. cxb5 Rxb5 30. Qa8+ Kf7 31. Bc6 Rb1+ 32. Ke2 Rb2+ 33. Kf3 Qd3+ 34. Be3
Qxe3# 0-1

[Event "AUTO-OPEN-882"]
[Site "http://www.queenalice.com/game.php?id=294954"]
[Date "2007.10.29"]
[Round "1"]
[White "hooligan"]
[Black "tijolo_"]
[Result "1-0"]
[WhiteElo "1300"]
[BlackElo "1432"]

1. d4 g6 2. h4 Bg7 3. Nf3 Nf6 4. c4 c6 5. Ne5 O-O 6. Nc3 a5 7. a3 d6 8. Na4 b5
9. cxb5 cxb5 10. Nc3 b4 11. axb4 dxe5 12. dxe5 Nbd7 13. Nb5 Qb6 14. e3 Nxe5 15.
bxa5 Qxb5 16. Bxb5 Nfd7 17. f4 Rb8 18. Qb3 Nc5 19. Qd5 Ned3+ 20. Kd2 Bb7 21. Qd4
Rbc8 22. b4 Nb3+ 23. Kxd3 Nxd4 24. exd4 Rc4 25. Kxc4 Rd8 26. a6 Bd5+ 27. Kc5
Bxg2 28. Re1 Bxd4+ 29. Kc4 Bxa1 30. Rxe7 Bf1+ 31. Kc5 Kf8 32. Rb7 Bf6 33. Bxf1
Rd1 34. Rb8+ Kg7 35. Bb5 Rxc1+ 36. Kb6 Bxh4 37. a7 Bf2+ 38. Kb7 Bg3 39. a8=Q
Bxf4 40. Rg8+ Kf6 41. Qd8+ Kf5 42. Bd3+ Ke5 43. Re8# 1-0

[Event "AUTO-INT-667"]
[Site "http://www.queenalice.com/game.php?id=295094"]
[Date "2007.10.29"]
[Round "1"]
[White "tijolo_"]
[Black "Chazam"]
[Result "0-1"]
[WhiteElo "1352"]
[BlackElo "1450"]

1. g3 d5 2. Bg2 e5 3. e3 f5 4. Qh5+ g6 5. Qe2 Nf6 6. Nf3 e4 7. Ne5 Nc6 8. d4
Bb4+ 9. c3 Ba5 10. b4 Bb6 11. a4 Nxe5 12. Nd2 Nc6 13. a5 Bxd4 14. cxd4 Nxb4 15.
Nb3 Bd7 16. Ba3 Nd3+ 17. Kd1 Ba4 18. Rb1 Ng4 19. f3 Ngf2+ 20. Kd2 Nxh1 21. Bxh1
c6 22. f4 Qc7 23. Bb4 Nxb4 24. Ra1 Bb5 25. Qe1 Nd3 26. Qf1 Qe7 0-1

[Event "AUTO-INT-667"]
[Site "http://www.queenalice.com/game.php?id=295095"]
[Date "2007.10.29"]
[Round "1"]
[White "Chazam"]
[Black "tijolo_"]
[Result "1-0"]
[WhiteElo "1358"]
[BlackElo "1396"]

1. Nf3 b6 2. Nc3 Bb7 3. e4 e6 4. d4 Qe7 5. Bd3 g6 6. Be3 Bg7 7. Nb5 Qd8 8. Bf4
d6 9. Bg5 f6 10. Bh4 e5 11. d5 a6 12. Nc3 a5 13. Bb5+ c6 14. dxc6 Bxc6 15. Bxc6+
Nd7 16. Qxd6 g5 17. Bxa8 Qxa8 18. Qe6+ Kd8 19. O-O-O Kc7 20. Rxd7+ Kb8 21. Qxb6+
Kc8 22. Qc7# 1-0

[Event "AUTO-INT-667"]
[Site "http://www.queenalice.com/game.php?id=295096"]
[Date "2007.10.29"]
[Round "1"]
[White "tijolo_"]
[Black "Richardlim"]
[Result "0-1"]
[WhiteElo "1332"]
[BlackElo "1556"]

1. g3 g6 2. Bg2 Bg7 3. Nf3 c6 4. O-O Qb6 5. c3 Qa6 6. d3 d5 7. Na3 Nf6 8. Nc2
Qb6 9. e3 Bg4 10. h3 Bf5 11. Qe2 h6 12. d4 O-O 13. a4 Qa6 0-1

[Event "AUTO-INT-667"]
[Site "http://www.queenalice.com/game.php?id=295097"]
[Date "2007.10.29"]
[Round "1"]
[White "Richardlim"]
[Black "tijolo_"]
[Result "1-0"]
[WhiteElo "1548"]
[BlackElo "1340"]

1. b3 b6 2. Bb2 Bb7 3. e3 Nc6 4. Qg4 e6 5. Bxg7 Nb4 6. Na3 h5 7. Qd4 Bc5 8. Qc3
Be4 9. Bxh8 h4 10. Qg7 Ke7 11. Qg5+ f6 12. Qxh4 d5 13. f3 Kd7 14. fxe4 dxe4 15.
Qxe4 1-0

[Event "AUTO-INT-667"]
[Site "http://www.queenalice.com/game.php?id=295098"]
[Date "2007.10.29"]
[Round "1"]
[White "tijolo_"]
[Black "guermantes"]
[Result "0-1"]
[WhiteElo "1357"]
[BlackElo "1643"]

1. g3 Nf6 2. Bg2 d5 3. d4 e6 4. c3 c5 5. Nf3 Nc6 6. O-O h6 7. Be3 Qb6 8. a3 Be7
9. a4 Qxb2 10. Na3 Ne4 11. Nb5 Kd7 12. Rb1 Qa2 13. Bf4 Bd8 14. Ne5+ Nxe5 15.
Bxe5 f6 16. Bf4 a6 17. Ra1 Qc4 18. Rc1 axb5 19. axb5 Nxc3 20. Qd2 Ba5 21. Ra1
Nxe2+ 22. Kh1 Bxd2 23. Rxa8 Bxf4 24. gxf4 Nxf4 0-1

[Event "AUTO-INT-667"]
[Site "http://www.queenalice.com/game.php?id=295099"]
[Date "2007.10.29"]
[Round "1"]
[White "guermantes"]
[Black "tijolo_"]
[Result "1-0"]
[WhiteElo "1637"]
[BlackElo "1378"]

1. e4 g6 2. d4 Bg7 3. Nf3 b6 4. Bd3 Nf6 5. Be3 a5 6. Qd2 O-O 7. h3 e6 8. g4 h6
9. Bxh6 d6 10. Nc3 Kh7 11. O-O-O d5 12. Bg5 a4 13. a3 Qd7 14. Qf4 Ng8 15. e5 c5
16. dxc5 d4 17. Ne4 b5 18. h4 Nh6 19. Bxh6 Bxh6 20. g5 Bxg5 21. hxg5+ Kg7 22.
Qf6+ Kg8 23. Rh8# 1-0